| 000 | 00882nam a2200181Ia 4500 | ||
|---|---|---|---|
| 008 | 090630s9999 xx 000 0 und d | ||
| 082 | _b14967 | ||
| 100 | _aनाग/ लांजेवार/ भागवत / दलाल. | ||
| 245 |
_aउच्च लेखाकर्म भाग 2. _cनाग/ लांजेवार/ भागवत / दलाल. |
||
| 260 |
_bमहाराष्ट्र विद्यापीठ ग्रंथनिर्मिती मंडळ - नागपूर. _c1975 |
||
| 300 | _a510 | ||
| 600 | _aनाग/ लांजेवार/ भागवत / दलाल. | ||
| 630 | _aउच्च लेखाकर्म भाग 2. | ||
| 655 | _aइतर. | ||
| 700 | _aनाग/ लांजेवार/ भागवत / दलाल. | ||
| 730 | _aउच्च लेखाकर्म भाग 2. | ||
| 942 | _cBOOK | ||
| 999 |
_c266823 _d266823 |
||